| 000 | 00000nam##2200000za#4500 |
| 001 | 9.697208 |
| 003 | CaOODSP |
| 005 | 20220125145842 |
| 007 | cr ||||||||||| |
| 008 | 150407|2005||||xxc|||||o f|0| 0 eng|d |
| 040 | |aCaOODSP|beng |
| 043 | |an-cn--- |
| 086 | 1 |aD2-313/1-2005E-PDF |
| 110 | 1 |aCanada. |bDepartment of National Defence. |
| 245 | 10|aLeadership in the Canadian Forces : |h[electronic resource]|bdoctrine / |cPublished under the auspices of the Chief of the Defence Staff by the Canadian Defence Academy – Canadian Forces Leadership Institute. |
| 260 | |aOttawa - Ontario : |bNational Defence |cc2005. |
| 300 | |a50p.|bfigs., graphs, photographs |
| 504 | |aBibliography. |
| 590 | |a13-03-Supp|b2013-02-11 |
| 690 | 07|aArmed forces|2gcpds |
| 690 | 07|aLeadership|2gcpds |
| 775 | 08|tLe leadership dans les Forces canadiennes : |w(CaOODSP)9.641275 |
| 856 | 40|ahttp://publications.gc.ca|qPDF|s2.91 MB|uhttps://publications.gc.ca/collections/collection_2013/dn-nd/D2-313-1-2005-eng.pdf |
| 986 | |aNDID Number: A-PA-005-000/AP-003 |